000 01130nam0a22002771 4500
001 rc\265098
005 20030307115544.1
010 _a5-330-01578-2
_970000
035 _a(NLR Aleph) 005470248
090 _a5039301
_c5039301
100 _a20030307d1991 u |0rusy50 ca
101 0 _arus
102 _aRU
105 _ay |||||||||
200 1 _aОбучение в 1 классе четырехлетней начальной школы
_eПособие для учителя
_eПер. с укр.
_fЛ.П. Кочина, Н.М. Бибик, Н.С. Коваль
210 _aКиев
_cРад. шк.
_d1991
215 _a254, [1] с.
_d20
225 1 _aБиблиотека учителя начальных классов
_iМатематика. Ознакомление с окружающим миром
700 1 _aКочина
_bЛ. П.
_gЛидия Петровна
701 1 _aБибик
_bН. М.
_gНадежда Михайловна
701 1 _aКоваль
_bН. С.
_gНина Степановна
801 0 _aRU
_bNLR
_gpsbo
801 1 _aRU
_bELAR
_2rusmarc
852 _aNLR
_j91-3/10028
942 _cBOOK
980 _aNB